Normal view
MARC view
- البيع- الدين- فقه اسلامي
Entry Topical Term
001 - CONTROL NUMBER
- control field: 30695
003 - CONTROL NUMBER IDENTIFIER
- control field: JO-AjAnu
005 - DATE AND TIME OF LATEST TRANSACTION
- control field: 20230606075157.0
008 - FIXED-LENGTH DATA ELEMENTS
- fixed length control field: 230606|| aca||aabn | a|a d
040 ## - CATALOGING SOURCE
- Original cataloging agency: JO-AjAnu
- Transcribing agency: JO-AjAnu
150 ## - HEADING--TOPICAL TERM
- Topical term or geographic name entry element: البيع- الدين- فقه اسلامي
670 ## - SOURCE DATA FOUND
- Source citation: Work cat.: (JO-AjAnu)15766: إعداد: القصير، سليمان بن عبد الله بن عبد العزيز, author 30694, أحكام الدين دراسة حديثية فقهية